| 000 | 00506nam a2200169 a 4500 | ||
|---|---|---|---|
| 005 | 20140412111337.0 | ||
| 008 | 040616s19uu xx 00 eng d | ||
| 020 | _a0-590-43604-X | ||
| 050 |
_aTR(PS E _bCo77 1988 |
||
| 100 | _aWard, Cindy | ||
| 245 |
_aCookie's week / _cby Cindy Ward; illustrated by Tomie dePaola. |
||
| 260 |
_aNew York : _bScholastic Inc., _c1988. |
||
| 300 | _a1 v. (unp.) ; ill. | ||
| 650 | _aDays of the week--Juvenile literature | ||
| 650 | _aChildren stories | ||
| 999 |
_c105048 _d105048 |
||